Naše Pohronie spoločenský, hospodársky, sociálny a kultúrny týždenník

Bibliographic Details
Other Authors: Bitter, Karol (Publishing director, Iso), Roštár, Aurel (Publishing director, Iso), Andreides, Alexander (Iso)
Format: Newspaper
Language:Slovak
PhysicalDescription:3 zv. 47 cm
Published: Banská Bystrica Miestny odbor Matice slovenskej 1940-1942
Banská Bystrica Hlinkova Slovenská Ľudová Strana, Župný sekretariát
Subjects:

MARC

LEADER 00000cas a2200000 a 4500
001 vtls010300276
003 SK-MaSNL
005 20260228163017.0
008 110810d19401942xo wr ne 0 b0slo
040 |a SNK  |b slo  |c SNK  |e AACR2 
041 0 |a slo 
043 |a e-xo--- 
044 |a xo  |c SK 
072 7 |a 316.7  |x Sociológia kultúry. Kultúrny život  |2 konspekt 
080 |a 050  |2 2001 
080 |a 316.728  |2 2011 
080 |a (051)+(054)(437.6)  |2 2011 
080 |a 32  |2 2011 
080 |a (437.6)  |2 2011 
245 0 0 |a Naše Pohronie  |b spoločenský, hospodársky, sociálny a kultúrny týždenník 
260 |a Banská Bystrica  |b Miestny odbor Matice slovenskej  |c 1940-1942 
260 3 |3 49/1941-1942  |a Banská Bystrica  |b Hlinkova Slovenská Ľudová Strana, Župný sekretariát 
300 |a 3 zv.  |c 47 cm 
310 |a 1x týždenne 
362 0 |a Roč. I, č. 1 (9. nov. 1940)-roč. III, č. 25 (19. jún 1942) 
500 |a Tlač.: Ondrej Žabka, v Banskej Bystrici ; od č. 4/1940-1942 F. Machold, v Banskej Bystrici 
500 |a Hlav. a zodp. red.: Karol Bitter ; 43/1941-1942, Aurel Roštár 
500 |a Zodp. red.: 49/1941-1942 Alexander Andreides 
515 |a Niektoré čísla vychádzajú ako dvojčíslo 
650 0 7 |a spoločenský život  |2 SNKPH  |9 28654 
650 0 7 |a politika  |2 SNKPH  |9 968 
651 7 |a Pohronie (Slovensko : región)  |2 SNKPHgeo  |9 272764 
655 7 |a regionálne periodiká  |2 SNKPH  |9 131775 
700 1 |a Bitter, Karol  |4 pbd  |4 pbd  |4 Iso  |9 272765 
700 1 |a Roštár, Aurel  |4 pbd  |4 pbd  |4 Iso  |9 272766 
700 1 |a Andreides, Alexander  |4 Iso  |9 272767 
910 |a snk 
916 |a 1940-1942 
999 |c 8720  |d 10650 
952 |0 0  |1 0  |4 0  |7 1  |8 5  |a SNK  |b SNK  |d 2002-11-04  |f 1  |i snkXI. 380/55  |l 0  |o snkČSA 184/1/1940  |p 17A0355768  |r 2005-01-02 00:00:00  |t č. 1-7  |w 2026-02-21  |y NEVYP 
952 |0 0  |1 0  |4 0  |7 0  |8 5  |a SNK  |b SNK  |d 2002-11-04  |i snkF 3803/78  |l 0  |o snkČSA 184/3/1942 D1  |p 17A0180454  |r 2005-01-02 00:00:00  |t č. 1-25, neúplné  |w 2026-02-21  |y PREZ  |z Chýba č. 1, 5-10, 13-15, 17-25 
952 |0 0  |1 0  |4 0  |7 1  |8 5  |a SNK  |b SNK  |d 2002-11-04  |f 1  |i snkXI. 381/55  |l 0  |o snkČSA 184/3/1942  |p 17A0383593  |r 2005-01-02 00:00:00  |t č. 1-25  |w 2026-02-21  |y NEVYP 
952 |0 0  |1 0  |4 0  |7 0  |8 5  |a SNK  |b SNK  |d 1999-02-08  |i snkF 992/68  |l 0  |o snkČSA 184/1/1940 D1  |p 17A0180457  |r 2005-01-02 00:00:00  |t č. 1-7  |w 2026-02-21  |y PREZ 
952 |0 0  |1 0  |4 0  |7 1  |a SNK  |b SNK  |d 2002-11-04  |f 1  |i snk 222/43  |l 0  |o snkČSA 184/2/1941  |p 17A0223179  |r 2005-01-02 00:00:00  |t č. 1-52, neúplné  |w 2026-02-21  |y NEVYP  |z Chýba č. 51,52 ;  
952 |0 0  |1 0  |4 0  |7 0  |8 5  |a SNK  |b SNK  |d 2002-11-04  |i snkF 993/68  |l 0  |o snkČSA 184/2/1941 D1  |p 17A0180463  |r 2005-01-02 00:00:00  |t č. 1-52, neúplné  |w 2026-02-21  |y PREZ  |z Chýba č. 51, 52